Osmanlılar yönetim ve strateji (Record no. 18571)

000 -LEADER
fixed length control field 01123nmm a2200313 a 4500
001 - CONTROL NUMBER
control field ocm0002015329
003 - CONTROL NUMBER IDENTIFIER
control field TR-IsHL
005 - DATE AND TIME OF LATEST TRANSACTION
control field 20201028175231.0
008 - FIXED-LENGTH DATA ELEMENTS--GENERAL INFORMATION
fixed length control field 181019s2017 tu tur
007 - PHYSICAL DESCRIPTION FIXED FIELD--GENERAL INFORMATION
fixed length control field cr cn
020 ## - INTERNATIONAL STANDARD BOOK NUMBER
International Standard Book Number 978­605­­9521­635
035 ## - SYSTEM CONTROL NUMBER
System control number 2015329
-- (N$T)
050 04 - LIBRARY OF CONGRESS CALL NUMBER
Classification number DR485
Item number .E76 2017
090 04 - LOCALLY ASSIGNED LC-TYPE CALL NUMBER (OCLC); LOCAL CALL NUMBER (RLIN)
Classification number (OCLC) (R) ; Classification number, CALL (RLIN) (NR) DR485
Local cutter number (OCLC) ; Book number/undivided call number, CALL (RLIN) .E76 2017
100 1# - MAIN ENTRY--PERSONAL NAME
Personal name Eroğlu, Haldun
245 10 - TITLE STATEMENT
Title Osmanlılar yönetim ve strateji
Medium [electronic resource] /
Statement of responsibility, etc. Haldun Eroğlu ; Genel Yayın Yönetmeni Ahmet Nuri Yüksel
250 ## - EDITION STATEMENT
Edition statement 1. Basım
260 ## - PUBLICATION, DISTRIBUTION, ETC.
Place of publication, distribution, etc. İstanbul :
Name of publisher, distributor, etc. Bilge Kültür Sanat Yayınları,
Date of publication, distribution, etc. 2017
300 ## - PHYSICAL DESCRIPTION
Extent 205 p.
650 #4 - SUBJECT ADDED ENTRY--TOPICAL TERM
Topical term or geographic name entry element Tarih
650 #4 - SUBJECT ADDED ENTRY--TOPICAL TERM
Topical term or geographic name entry element History
650 #0 - SUBJECT ADDED ENTRY--TOPICAL TERM
Topical term or geographic name entry element Turkey
General subdivision History
-- Ottoman Empire, 1288-1918.
650 #0 - SUBJECT ADDED ENTRY--TOPICAL TERM
Topical term or geographic name entry element Türkiye
General subdivision Tarih
-- Osmanlı İmparatorluğu, 1288-1918
650 #0 - SUBJECT ADDED ENTRY--TOPICAL TERM
Topical term or geographic name entry element Turkey
General subdivision Politics and government.
650 #0 - SUBJECT ADDED ENTRY--TOPICAL TERM
Topical term or geographic name entry element Türkiya Politika ve İdare
650 #7 - SUBJECT ADDED ENTRY--TOPICAL TERM
Topical term or geographic name entry element HISTORY / Middle East / Turkey & Ottoman Empire
Source of heading or term bisacsh
700 1# - ADDED ENTRY--PERSONAL NAME
Personal name Yüksel, Ahmet Nuri
856 40 - ELECTRONIC LOCATION AND ACCESS
Uniform Resource Identifier <a href="http://search.ebscohost.com/login.aspx?direct=true&scope=site&db=e011xww&AN=2015329">http://search.ebscohost.com/login.aspx?direct=true&scope=site&db=e011xww&AN=2015329</a>
Holdings
Withdrawn status Lost status Source of classification or shelving scheme Damaged status Not for loan Collection code Permanent Location Current Location Date acquired Total Checkouts Full call number Barcode Date last seen Price effective from Koha item type
        Online   Kıbrıs Amerikan Üniversitesi Kütüphanesi / American University of Cyprus Kıbrıs Amerikan Üniversitesi Kütüphanesi / American University of Cyprus 28.10.2020   DR485 .E76 2017 2015329 28.10.2020 28.10.2020 E-Kitap
Devinim Yazılım Eğitim Danışmanlık tarafından Koha'nın orjinal sürümü uyarlanarak geliştirilip kurulmuştur.